| 000 | 00554nam a2200193Ia 4500 | ||
|---|---|---|---|
| 999 |
_c8914 _d8914 |
||
| 003 | OSt | ||
| 005 | 20201009100315.0 | ||
| 008 | 190216s9999||||xx |||||||||||||| ||und|| | ||
| 020 | _a8175152699 | ||
| 040 | _coclc | ||
| 082 |
_a005.133 _bLAF/O |
||
| 100 |
_aLafore, Robert _95501 |
||
| 245 | 0 |
_aObject Oriented Programming In C++ / _cRobert Lafore |
|
| 250 | _a3rd Ed. | ||
| 260 |
_bGalgotia Publication Pvt Ltd, _aNew Delhi: _c2006. |
||
| 300 | _a925p | ||
| 650 | _aComputer | ||
| 942 |
_cBK _2ddc _h005.133 _iLAF/O _k005.133 _mLAF/O |
||